| 000 | 00417nam a22001337a 4500 | ||
|---|---|---|---|
| 082 |
_a624.18341 _bFIB |
||
| 100 |
_aSorouhain, Parviz _943204 |
||
| 245 | _aFiber reinforced concrete design and applications. | ||
| 260 |
_aMichigan _bMichigan State University _c1987 |
||
| 300 |
_a1.16, 2.35,3.29, 4.22, 5.27 p. : _bill. : _c10 Cm |
||
| 526 |
_a0 _b0 _c0 _d624_183410000000000_FIB |
||
| 650 |
_aMCE _9379 |
||
| 942 |
_2ddc _cBK |
||
| 999 |
_c547008 _d547008 |
||